Tradičné slovenské produkty z pohľadu domácich účastníkov cestovného ruchu diplomová práca

Guardado en:
Detalles Bibliográficos
Autor principal: Orth, Kevin Mário
Autor Corporativo: Obchodná fakulta EU. Katedra cestovného ruchu
Otros Autores: Krnáčová, Paulína, 1983-
Formato: Libro
Lenguaje:eslovaco
Publicado: Bratislava 2024
Etiquetas: Agregar Etiqueta
Sin Etiquetas, Sea el primero en etiquetar este registro!

MARC

LEADER 00000nbm a2200000 4500
001 0304082
005 20250821120020.2
041 0 |a slo 
044 |a SK 
245 1 0 |a Tradičné slovenské produkty z pohľadu domácich účastníkov cestovného ruchu  |b diplomová práca  |c Kevin Mário Orth ; školiteľ: Paulína Krnáčová 
264 1 |a Bratislava  |c 2024 
300 |a 49 s. 
100 1 |a Orth, Kevin Mário 
700 1 |a Krnáčová, Paulína, 1983- 
710 2 |a Obchodná fakulta EU. Katedra cestovného ruchu